İlk şartlar (Record no. 2328)

MARC details
000 -BAŞLIK
Sabit Uzunlukta Kontrol Alanı 00828na a2200277 4500
001 - KONTROL NUMARASI
Denetim Alanı 13250
003 - KONTROL NUMARASI IDENTIFIER
Denetim Alanı MIRAKIL
005 - SON İŞLEM TARİHİ VE ZAMANI
Denetim Alanı 20181213154853.0
008 - SABİT-BOY VERİ ELEMANLARI - GENEL BİLGİLER
Sabit Uzunlukta Kontrol Alanı 161031b tu 000 0
020 ## - ULUSLARARASI STANDART KİTAP NUMARASI
Uluslararası Standart Kitap Numarası 9757711225
035 ## - SİSTEM KONTROL NUMARASI
Sistem Kontrol Numarası 13250
040 ## - KATALOGLAMA KAYNAK
Orijinal Kataloglama Ajansı Milas
Kataloglama Dili tur
Metne Dönüştürmek Ajansı TR-AnCHP
041 ## - DİL KODU
Metin / Ses Parça Veya Ayrı Başlığın Dil Kodu tur
082 ## - DEWEY ONLU SINIFLANDIRMA NUMARASI
Sınıflandırma Numarası 070.442
Ürün Numarası E67i 1995
090 ## - SINIFLAMA NUMARASI
Sınıflama Numarası 070.442 E67i 1995
100 ## - ANA GİRİŞ - KİŞİSEL İSİM
Kişisel Ad Ertuğrul, Aytekin
245 ## - BAŞLIK TABLOSU
Başlık İlk şartlar
Sorumluluk Tablosu, Vb Aytekin Ertuğrul
260 ## - YAYIN, DAĞITIM, VB
Yayın, Dağıtım, Vb Yeri Ankara
Yayıncı, Dağıtıcı, Vs Adı Selvi Yayınevi
Yayın, Dağıtım, Vb Tarihi 1995
300 ## - FİZİKSEL TANIM
Kapsam 223 s.
Boyutlar 20 sm.
490 ## - SERİSİ TABLOSU
Seri Beyanı Selvi yayınları
Hacim / Ardışık Tanımı 20
500 ## - GENEL NOT
Genel Not "Başbakan Sayın Süleyman Demirel'in hükümetin bir yıllık faaliyetlerine ilişkin 21.11.1992 tarihli değerlendirmeleri"
650 ## - KONU KATMA GİRİŞ - TOPİKAL DÖNEM
Topikal Süreli Veya Coğrafi Ad Giriş Elemanı Gazete yazıları
651 ## - KONU KATMA GİRİŞ - COĞRAFİ ADI
Coğrafi İsim Türkiye
651 ## - KONU KATMA GİRİŞ - COĞRAFİ ADI
Coğrafi İsim Türkiye
Genel Alt Bölümü Siyasal tarih
Kronolojik Alt Bölümü 1990-
942 ## - EKLENDİ GİRİŞ ELEMANLARI (KOHA)
Sınıflandırma Veya Raf Düzeni Kaynak
Koha Öğesi Türü Books
999 ## - SİSTEM KONTROL NUMARALARI (KOHA)
Koha Biblionumber 2328
Koha Biblioitemnumber 2328
Holdings
Kalıcı Konum Mevcut Konum Edinme Tarihi Edinim Kaynak Toplam Check-Out'Lar Tam Çağrı Numarası Barkod Tarih Son Görülme İtibaren Geçerli Fiyatlar Koha Öğesi Türü
CHP Kütüphanesi CHP Kütüphanesi 08/11/2016 Bağış   070.442 E67i 1995 001007 08/11/2016 08/11/2016 Books